[Event "11th dMP Batavia 2019"]
[Site "Amsterdam"]
[Date "2019.03.05"]
[Round "5"]
[White "Van der Wiel, John T.H."]
[Black "Meissner, Felix"]
[Result "0-1"]
[WhiteElo "2391"]
[BlackElo "2397"]
[Annotator "NA"]
[PlyCount "72"]
[EventDate "2019.03.01"]
[EventType "tourn"]
[EventCountry "NED"]
[SourceTitle "playchess.com"]
[Source "ChessBase"]
[SourceQuality "1"]
[TimeControl "40/5400+30:1800+30"]

1. e4 {[%emt 0:00:00]} c5 {[%emt 0:00:00]} 2. Nf3 {[%emt 0:00:00]} d6 {[%emt 0:00:00]} 3. Bb5+ {[%emt 0:00:10]} Nd7 {[%emt 0:00:14]} 4. d4 {[%emt 0:00:20]} cxd4 {[%emt 0:00:07]} 5. Qxd4 {[%emt 0:00:18]} a6 {[%emt 0:00:28]} 6. Bxd7+ {[%emt 0:01:05]} Bxd7 {[%emt 0:00:23]} 7. Bg5 {[%emt 0:01:58] B51: Sicilian: Moscow Variation (3 Bb5+) without 3...Bd7} (7. Nc3 e5 8. Qd3 Rc8 9. O-O Qc7 10. Rd1 Be6 11. a4 Nf6 12. Nd2 Be7 13. Nf1 Qc4 14. Ne3 Qxd3 15. Rxd3 Kd7 {½-½ (33) Xiong,J (2656)-Vachier Lagrave,M (2780) Douglas 2018}) 7... Rc8 {[%emt 0:03:11]} 8. Nc3 {[%emt 0:01:14]} h6 {[%emt 0:01:15]} 9. Bh4 {[%emt 0:01:44]} e5 {[%emt 0:03:16]} 10. Bxd8 $146 {[%emt 0:06:33]} ({Predecessor:} 10. Qd3 g5 11. Bg3 Nf6 12. O-O-O Qa5 13. Rhe1 Be7 14. Kb1 O-O 15. h4 {½-½ (53) David,A (2571)-Duda,J (2666) Drancy 2016}) 10... exd4 {[%emt 0:00:14]} 11. Ba5 {[%emt 0:01:22]} dxc3 {[%emt 0:00:13]} 12. Bxc3 {[%emt 0:00:05]} Nf6 {[%emt 0:08:16]} 13. Bxf6 {[%emt 0:03:05]} gxf6 {[%emt 0:00:05]} 14. Nd4 {[%emt 0:00:08]} f5 {[%emt 0:04:07]} 15. exf5 {[%emt 0:02:36]} Bg7 {[%emt 0:00:17]} 16. O-O-O {[%emt 0:00:18]} Bxd4 {[%emt 0:00:51]} 17. Rhe1+ {[%emt 0:02:44]} Kf8 {[%emt 0:01:49]} ({Resist} 17... Be5 18. Rxd6 Ke7 19. Rb6 $19) 18. Rxd4 {[%emt 0:00:25]} Bxf5 {[%emt 0:00:21]} 19. Re2 {[%emt 0:05:05]} Rc6 {[%emt 0:03:03]} 20. a4 {[%emt 0:02:00]} Rg8 {[%emt 0:05:25]} 21. Rf4 {[%emt 0:03:46]} Bd7 {[%emt 0:00:47]} 22. f3 {[%emt 0:00:40]} Rg6 {[%emt 0:01:41]} 23. b3 {[%emt 0:01:27]} Re6 {[%emt 0:03:11]} 24. Rd2 {[%emt 0:00:45]} Ke7 {[%emt 0:00:55]} 25. Rb4 {[%emt 0:03:55]} b6 {[%emt 0:00:58]} 26. Kb2 {[%emt 0:02:41]} a5 {[%emt 0:01:06]} 27. Rh4 {[%emt 0:08:25]} Rc5 {[%emt 0:00:40]} 28. g4 {[%emt 0:01:35]} Rf6 {[%emt 0:10:54]} 29. h3 {[%emt 0:05:17]} h5 {[%emt 0:07:45]} 30. Re2+ {[%emt 0:14:44]} Kf8 {[%emt 0:03:55]} 31. Rd2 {[%emt 0:03:28]} Bc6 {[%emt 0:02:53]} 32. gxh5 {[%emt 0:02:20]} Rh6 {[%emt 0:01:24]} 33. Rf4 {[%emt 0:09:59]} Rcxh5 {[%emt 0:01:31]} 34. h4 {[%emt 0:01:05]} Ke7 {[%emt 0:02:18]} 35. Rdd4 {[%emt 0:00:47]} Re6 {[%emt 0:01:00]} 36. Rc4 $19 {[%emt 0:00:45]} Rc5 {[%emt 0:01:03]} 0-1

[Event "11th dMP Batavia 2019"]
[Site "Amsterdam"]
[Date "2019.03.05"]
[Round "5"]
[White "Lopez, Jasel"]
[Black "Arutinian, David"]
[Result "1/2-1/2"]
[WhiteElo "2390"]
[BlackElo "2555"]
[Annotator "TA"]
[PlyCount "89"]
[EventDate "2019.03.01"]
[EventType "tourn"]
[EventCountry "NED"]
[SourceTitle "playchess.com"]
[Source "ChessBase"]
[SourceQuality "1"]

{[%evp 10,89,3,0,6,-14,5,-15,0,-16,-19,-17,-21,-20,2,4,3,-9,-3,-11,0,-4,0,0,0,0,0,0,0,0,-8,-43,0,-36,0,0,0,0,0,0,0,0,0,-10,72,0,0,0,41,47,64,66,61,54,70,65,72,59,68,29,66,0,67,18,55,24,17,0,0,0,0,0,0,-5,-5,-62,0,0,0,-66,0,0]} 1. d4 Nf6 2. Bf4 d5 3. e3 e6 4. Nf3 Bd6 5. Bg3 O-O 6. Nbd2 c5 {D02: 1 d4 d5 2 Nf3 sidelines, including 2...Nf6 3 g3 and 2...Nf6 3 Bf4} (6... b6 7. c3 c5 8. Bd3 Ba6 9. Bxa6 Nxa6 10. O-O Bxg3 11. hxg3 Qc7 12. Qe2 Nb8 13. e4 dxe4 14. Nxe4 Nbd7 {1-0 (55) Duda,J (2738)-Giri,A (2783) St Petersburg 2018}) 7. c3 Qc7 8. Ne5 b6 9. f4 Bb7 10. Bd3 Ne4 11. O-O f5 $146 ({Predecessor:} 11... f6 12. Ng4 Nd7 13. Nxe4 dxe4 14. Bc4 Bd5 {½-½ (30) Loch,H (2185)-Wielsch,K (2139) Baden 2013}) 12. Bh4 Nd7 {[%cal Rd7e5]} 13. g4 Ndf6 14. h3 a5 15. Ndf3 Ba6 16. Bxa6 Rxa6 17. gxf5 exf5 18. Kh2 c4 19. Rg1 b5 20. a3 Rb6 21. Rg2 Re8 22. Bxf6 Nxf6 23. Nh4 Qc8 24. Qf3 Rf8 25. Rag1 Rb7 $1 26. Qg3 {Black should prevent Qg5.} Bxe5 (26... Ne8 $11 {remains equal.}) 27. fxe5 ({White should try} 27. dxe5 $16 Ne4 28. Qf3) 27... Ne4 $11 28. Qf4 Qe6 (28... Kh8 {is more complex.} 29. Nf3 b4 30. axb4 axb4 31. cxb4 Rxb4 32. Rxg7 Rxb2+ 33. R1g2 Rxg2+ 34. Rxg2 c3) 29. Nf3 Rff7 30. Ng5 $36 {[%mdl 2048] White is more active.} Nxg5 31. Qxg5 Rb8 32. Rf1 Re8 33. Rf4 Ref8 34. Kg1 Re8 35. Kh2 Ref8 $1 36. Kh1 Re8 37. Rg1 Rb8 38. Rg2 b4 39. axb4 axb4 40. cxb4 Rxb4 41. Qd8+ Rf8 42. Qc7 (42. Qg5 $11 Rf7 43. Qd8+ Rf8 44. Qg5 Rf7) 42... Rf7 43. Qd8+ Rf8 44. Qc7 {[%csl Gg2][%cal Rc7g7] [#]} Rf7 (44... g6 $1 $15) 45. Qd8+ {Accuracy: White = 43%, Black = 31%.} 1/2-1/2

[Event "11th dMP Batavia 2019"]
[Site "Amsterdam"]
[Date "2019.03.07"]
[Round "6"]
[White "Arutinian, David"]
[Black "Van der Wiel, John T.H."]
[Result "0-1"]
[WhiteElo "2555"]
[BlackElo "2391"]
[Annotator "TA"]
[PlyCount "130"]
[EventDate "2019.03.01"]
[EventType "tourn"]
[EventCountry "NED"]
[SourceTitle "playchess.com"]
[Source "ChessBase"]
[SourceQuality "1"]

{[%evp 14,130,12,9,12,0,51,53,66,47,37,35,35,55,61,0,0,0,5,0,8,4,18,-13,-8,-85,-85,-85,-75,-93,-92,-87,-89,-80,-86,-90,-18,-6,-36,-17,0,0,0,0,0,0,0,0,0,0,8,-7,-8,-8,-6,-12,-6,-154,-149,-266,-266,-266,-266,-266,-267,-269,-269,-301,-301,-301,-301,-301,-301,-448,-444,-402,-401,-383,-369,-493,-493,-29961,-29962,-29959,-1137,-29967,-29967,-29969,-29966,-29966,-29965,-29969,0,-5492,0,-29965,-29966,-29976,-29977,-29977,-29978,-29978,-29978,-29978,-29979,-29979,-29979,-29979,-29980,-29980,-29980,-29982,-29983,-29983,-29984,-29984,-29985,-29985,-29986]} 1. Nf3 d5 2. e3 Nf6 3. c4 e6 4. b3 c5 5. Bb2 Nc6 6. cxd5 exd5 7. Nc3 {A13: English Opening: 1...e6} (7. Be2 d4 8. exd4 cxd4 9. Bb5 Qe7+ 10. Qe2 Qxe2+ 11. Kxe2 Bd7 12. Re1 O-O-O 13. Kf1 a6 14. Bxc6 Bxc6 15. Nxd4 Be4 16. Nf3 Bxf3 17. gxf3 Bd6 18. Bxf6 {½-½ (18) Dubov,D (2703)-Aronian,L (2765) St Petersburg 2018}) 7... d4 8. Na4 {LiveBook: 4 Games} Bd7 $146 ({Predecessor:} 8... d3 9. Rc1 Ne4 10. Ne5 Nxe5 11. Bxe5 Qd5 12. Ba1 b6 {½-½ (58) Ushenina,A (2416)-Lagno,K (2547) Huaian 2017}) 9. Rc1 {The position is equal.} dxe3 (9... b6 $11) 10. dxe3 $14 b6 11. Bb5 Be7 12. O-O O-O 13. Qe2 Nb4 14. Rfd1 ({Better is} 14. Bc4 $14) 14... Bxb5 $1 $11 15. Qxb5 Qe8 16. Qxe8 Rfxe8 17. a3 Nbd5 {[%cal Bb4d5,Bd5f4,Bf4e2,Be2c1][%mdl 32]} 18. e4 Nf4 {aiming for ...Ne2+.} 19. e5 (19. Nc3 $11) 19... Ne2+ $17 20. Kf1 Nxc1 21. exf6 Nxb3 22. fxe7 Rxe7 23. Nc3 Ree8 24. Nb5 Rad8 (24... Na5 $17) 25. Rxd8 $11 Rxd8 26. Nxa7 Nd2+ 27. Nxd2 Rxd2 28. Be5 f6 29. Bc7 Rb2 30. a4 Rb4 31. Ke2 Kf7 {...Ke6 is the strong threat.} 32. Nc8 Rxa4 33. Nxb6 Rd4 34. Bg3 Ke6 35. Na8 (35. f3 $1 $11 {keeps the balance.}) 35... Kd5 {[%mdl 1024] Black has strong compensation.} 36. f3 (36. Nb6+ $17 Kc6 37. Nc8) 36... Kc6 $19 37. Nc7 Rd7 $1 38. Na6 {Hoping for Nb8+.} Kb6 39. Nxc5 Kxc5 {[%mdl 4096] Endgame KR-KB} 40. h4 Kc4 41. Bf4 Rd4 42. g3 Rd7 43. g4 (43. Be3 $142) 43... Kc3 44. h5 Re7+ 45. Be3 g6 46. hxg6 hxg6 47. Kf2 (47. f4 $19 f5 48. Kf2) 47... Kd3 48. Bc5 Re6 (48... Rc7 $142 49. Bb6 Rc2+ 50. Kg3 Rc3 51. Kf2 f5 52. gxf5 gxf5 53. f4 Ke4 54. Ba5 Rf3+ 55. Ke2 Kxf4 56. Bb6 Ke4 57. Bg1 Ra3 58. Bc5 Ra2+ 59. Ke1 Rc2 60. Bb6 Rh2 61. Ba7 Kf3 62. Bd4 f4 63. Kd1 Ra2 64. Kc1 Kg2 65. Bb2 f3 66. Kb1 Rxb2+ $1 {[%mdl 512]} 67. Kxb2 f2 68. Kc3 f1=Q 69. Kb4 Kf3 70. Kc5 Qa6 71. Kd5 Qb5+ 72. Ke6 Qc6+ 73. Ke7 Kg4 74. Kf8 Kf5 75. Kf7 Qd7+ 76. Kf8 Kg6 77. Kg8 Qg7#) 49. Ba7 Rc6 50. Kf1 Rc1+ 51. Kf2 Rc2+ 52. Kf1 Rc1+ (52... f5 $142 53. g5 f4 54. Bb6 Ra2 55. Ke1 Ra1+ 56. Kf2 Rb1 57. Bc5 Rb5 58. Ba7 Rb2+ 59. Ke1 Kc4 60. Kd1 Rb7 61. Bf2 Kd3 62. Kc1 Rc7+ 63. Kb1 Ke2 64. Bd4 Rd7 65. Bc5 Kxf3 66. Ka2 Kg3 67. Kb3 f3 68. Bg1 Rd5 69. Kc4 Rxg5 70. Be3 {[#]} f2 $1 {[%mdl 512]} 71. Bxg5 f1=Q+ 72. Kb4 Qe1+ 73. Kb3 Qe6+ 74. Ka3 Qd6+ 75. Ka4 Qd4+ 76. Kb5 Qd5+ 77. Kb6 Qxg5 78. Kc6 Kf4 79. Kd7 Qd5+ 80. Kc8 Ke5 81. Kb8 Kd6 82. Ka7 Qb5 83. Ka8 Kc7 84. Ka7 Qb7#) 53. Kf2 Rc2+ (53... Rb1 $19 54. Bc5 Rb2+ 55. Kf1 f5 56. gxf5 gxf5) 54. Kf1 $1 f5 {Black mates.} 55. gxf5 gxf5 56. Bb6 f4 57. Ba7 Rb2 58. Bc5 Rb5 59. Ba7 Ra5 60. Bb6 Ra6 61. Bc5 Kc4 62. Bf2 Ra1+ 63. Ke2 Ra2+ 64. Ke1 {[#]} Rxf2 $1 {[%mdl 512]} 65. Kxf2 Kd3 {Accuracy: White = 43%, Black = 74%.} 0-1

[Event "11th dMP Batavia 2019"]
[Site "Amsterdam"]
[Date "2019.03.07"]
[Round "6"]
[White "Pijpers, Arthur"]
[Black "Leenhouts, Koen"]
[Result "1/2-1/2"]
[WhiteElo "2482"]
[BlackElo "2447"]
[Annotator "ChessBase"]
[PlyCount "81"]
[EventDate "2019.03.01"]
[EventType "tourn"]
[EventCountry "NED"]
[SourceTitle "playchess.com"]
[Source "ChessBase"]
[SourceQuality "1"]
[TimeControl "40/5400+30:1800+30"]

1. e4 {[%emt 0:00:00]} e5 {[%emt 0:00:00]} 2. Nf3 {[%emt 0:00:00]} Nc6 {[%emt 0:00:00]} 3. Bb5 {[%emt 0:00:00]} a6 {[%emt 0:00:00]} 4. Ba4 {[%emt 0:00:00]} Nf6 {[%emt 0:00:00]} 5. O-O {[%emt 0:00:00]} Be7 {[%emt 0:00:00]} 6. Re1 {[%emt 0:00:00]} b5 {[%emt 0:00:05]} 7. Bb3 {[%emt 0:00:00]} d6 {[%emt 0:00:07]} 8. c3 {[%emt 0:00:00]} O-O {[%emt 0:00:08]} 9. h3 {[%emt 0:00:00]} Na5 {[%emt 0:00:25]} 10. Bc2 {[%emt 0:00:05]} c5 {[%emt 0:00:06]} 11. d4 {[%emt 0:00:05]} Nd7 {[%emt 0:00:12]} 12. Nbd2 {[%emt 0:03:04]} exd4 {[%emt 0:01:26]} 13. cxd4 {[%emt 0:00:05]} Nc6 {[%emt 0:00:06]} 14. d5 {[%emt 0:00:03]} Nce5 {[%emt 0:00:10]} 15. a4 {[%emt 0:00:04]} Bb7 {[%emt 0:00:36]} 16. Nh2 {[%emt 0:00:06]} c4 {[%emt 0:06:08]} 17. b3 {[%emt 0:00:09]} Nc5 {[%emt 0:05:17]} 18. bxc4 {[%emt 0:07:25]} bxc4 {[%emt 0:07:47]} 19. Rb1 {[%emt 0:22:53]} Qc7 {[%emt 0:06:41]} 20. Ba3 {[%emt 0:03:42]} Ncd3 {[%emt 0:03:28]} 21. Rf1 {[%emt 0:01:52]} f5 {[%emt 0:18:10]} 22. Nhf3 {[%emt 0:05:07]} fxe4 {[%emt 0:17:17]} 23. Nxe5 {[%emt 0:00:11]} Nxe5 {[%emt 0:05:39]} 24. Nxe4 {[%emt 0:00:22]} Bc8 {[%emt 0:06:41]} 25. Bb2 {[%emt 0:05:52]} Ng6 {[%emt 0:00:21]} 26. Qd4 {[%emt 0:09:13]} Rf7 {[%emt 0:00:08]} 27. Nd2 {[%emt 0:03:59]} Nf4 {[%emt 0:07:10]} 28. Qxc4 {[%emt 0:09:46]} Qd8 {[%emt 0:05:35]} 29. Rfe1 {[%emt 0:08:34]} Bxh3 {[%emt 0:00:43]} 30. gxh3 {[%emt 0:03:02]} Bh4 {[%emt 0:04:16]} 31. Nf3 {[%emt 0:06:26]} Nxh3+ {[%emt 0:00:17]} 32. Kg2 {[%emt 0:00:05]} Rxf3 {[%emt 0:01:04]} 33. Qe4 {[%emt 0:12:36]} Qg5+ {[%emt 0:01:30]} 34. Kxf3 {[%emt 0:00:01]} Rf8+ {[%emt 0:00:27]} 35. Ke2 {[%emt 0:00:03]} Rxf2+ {[%emt 0:01:08]} 36. Kd3 {[%emt 0:00:01]} Qd2+ {[%emt 0:00:24]} 37. Kc4 {[%emt 0:00:02]} Rf4 {[%emt 0:01:36]} 38. Bc3 {[%emt 0:02:44]} Qxc2 {[%emt 0:03:08]} 39. Rb8+ {[%emt 0:00:04]} Kf7 {[%emt 0:00:05]} 40. Rb7+ {[%emt 0:00:05]} Kg8 {[%emt 0:00:44]} 41. Rb8+ {[%emt 0:05:44]} 1/2-1/2

[Event "11th dMP Batavia 2019"]
[Site "Amsterdam"]
[Date "2019.03.07"]
[Round "6"]
[White "Warmerdam, Max"]
[Black "Lopez, Jasel"]
[Result "1/2-1/2"]
[WhiteElo "2448"]
[BlackElo "2390"]
[Annotator "TA"]
[PlyCount "90"]
[EventDate "2019.03.01"]
[EventType "tourn"]
[EventCountry "NED"]
[SourceTitle "playchess.com"]
[Source "ChessBase"]
[SourceQuality "1"]

{[%evp 21,90,18,40,0,8,0,0,0,19,19,14,16,22,-26,-21,-36,0,0,0,-6,0,0,0,0,0,0,3,5,10,8,10,-10,0,0,0,0,0,0,0,0,0,-19,0,-23,0,0,12,12,20,12,12,0,0,0,0,0,0,0,0,0,0,0,0,0,0,0,0,0,0,0,0]} 1. e4 c6 2. d4 d5 3. exd5 cxd5 4. Bd3 Nc6 5. c3 Nf6 6. Bf4 Bg4 7. Qb3 Qc8 8. Nd2 e6 9. Ngf3 Be7 10. O-O O-O 11. Rae1 Bh5 12. Ne5 {B13: Caro-Kann: Exchange Variation and Panov-Botvinnik Attack} Nxe5 13. dxe5 (13. Bxe5 Bg6 14. Bxg6 hxg6 15. a3 Qc6 16. Nf3 Ne4 17. Bf4 f6 18. Nd2 g5 19. Be3 f5 {0-1 (65) Aronian,L (2767)-Caruana,F (2822) chess.com INT 2018}) 13... Nd7 14. c4 Bg6 15. Bxg6 ({Avoid the trap} 15. cxd5 $2 Nc5 $19) 15... hxg6 $146 ({Predecessor:} 15... fxg6 16. cxd5 Rxf4 17. d6 Bf8 18. Qxe6+ Kh8 19. g3 Rf5 {1-0 (83) De Dovitiis,A (2345)-Valiente,C (2328) Vicente Lopez 2005}) 16. cxd5 Nc5 17. Qe3 {[#] aiming for d6.} exd5 18. Rc1 {And now b4 would win.} Qf5 {White must now prevent ...Nd3.} 19. Bg3 b6 20. Nf3 Ne6 21. Nd4 Nxd4 22. Qxd4 Rfd8 23. Rfd1 Bc5 24. Qd3 Qe6 25. Rc2 a5 26. a4 Rd7 27. h3 Re8 28. Kh2 Qc6 29. b3 Qe6 30. Qf3 d4 31. Rd3 Rd5 32. Rc1 Kf8 33. Qe4 {The position is equal.} Kg8 34. f4 Qf5 35. Qxf5 gxf5 36. Bf2 Re6 37. Rcd1 {[%cal Rf2d4]} (37. g4 {is more complex.} fxg4 38. hxg4 f6 39. exf6 Re4 40. Bg3) 37... f6 38. Bxd4 Bxd4 39. Rxd4 Rxd4 40. Rxd4 fxe5 41. fxe5 Rxe5 $11 {KR-KR} 42. Rd6 b5 43. Ra6 bxa4 44. bxa4 Kh7 45. h4 g6 {Accuracy: White = 63%, Black = 59%.} 1/2-1/2

[Event "11th dMP Batavia 2019"]
[Site "Amsterdam"]
[Date "2019.03.07"]
[Round "6"]
[White "Lahaye, Rick"]
[Black "Kuipers, Stefan"]
[Result "1/2-1/2"]
[WhiteElo "2414"]
[BlackElo "2455"]
[Annotator "RC"]
[PlyCount "98"]
[EventDate "2019.03.01"]
[EventType "tourn"]
[EventCountry "NED"]
[SourceTitle "playchess.com"]
[Source "ChessBase"]
[SourceQuality "1"]
[TimeControl "40/5400+30:1800+30"]

1. d4 {[%emt 0:00:00]} d5 {[%emt 0:00:00]} 2. c4 {[%emt 0:00:00]} c6 {[%emt 0:00:00]} 3. Nf3 {[%emt 0:00:00]} Nf6 {[%emt 0:00:00]} 4. Nbd2 {[%emt 0:00:00]} Bf5 {[%emt 0:00:00]} 5. Nh4 {[%emt 0:00:06]} Be4 {[%emt 0:00:00]} 6. f3 {[%emt 0:07:03]} Bg6 {[%emt 0:00:04]} 7. e3 {[%emt 0:14:45]} e6 {[%emt 0:00:59]} 8. g3 {[%emt 0:10:40]} Be7 {[%emt 0:09:19]} 9. Qb3 {[%emt 0:03:33]} Qc7 {[%emt 0:03:00]} 10. Bg2 {[%emt 0:00:24]} Bh5 {[%emt 0:06:39]} 11. f4 {[%emt 0:02:57]} Nbd7 {[%emt 0:03:58]} 12. Qc3 {[%emt 0:06:48]} c5 {[%emt 0:14:23]} 13. dxc5 {[%emt 0:12:42]} Qxc5 {[%emt 0:03:25]} 14. cxd5 {[%emt 0:00:37]} Nxd5 {[%emt 0:09:59]} 15. Qxc5 {[%emt 0:00:52]} Nxc5 {[%emt 0:00:59]} 16. Nf5 {[%emt 0:00:58]} Nd3+ {[%emt 0:11:33]} 17. Kf1 {[%emt 0:00:05]} exf5 {[%emt 0:06:12]} 18. Bxd5 {[%emt 0:00:05]} O-O-O {[%emt 0:06:07]} 19. Bf3 {[%emt 0:00:26]} Bxf3 {[%emt 0:02:51]} 20. Nxf3 {[%emt 0:00:04]} Bc5 {[%emt 0:04:02]} 21. Ke2 {[%emt 0:10:03]} Rd5 {[%emt 0:06:01]} 22. Rd1 {[%emt 0:07:12]} Rhd8 {[%emt 0:00:18]} 23. Rd2 {[%emt 0:00:11]} Kb8 {[%emt 0:03:01]} 24. a3 {[%emt 0:00:37]} f6 {[%emt 0:00:49]} 25. Rc2 {[%emt 0:00:43]} Bb6 {[%emt 0:01:48]} 26. b4 {[%emt 0:05:26]} Nxc1+ {[%emt 0:00:32]} 27. Raxc1 {[%emt 0:00:05]} a5 {[%emt 0:00:15]} 28. Rc3 {[%emt 0:00:28]} h6 {[%emt 0:02:10]} 29. R1c2 {[%emt 0:02:39]} axb4 {[%emt 0:01:11]} 30. axb4 {[%emt 0:00:06]} Rd1 {[%emt 0:00:08]} 31. Rd2 {[%emt 0:00:44]} R8xd2+ {[%emt 0:00:35]} 32. Nxd2 {[%emt 0:00:07]} Rg1 {[%emt 0:00:23]} 33. Nc4 {[%emt 0:04:21]} Bc7 {[%emt 0:00:08]} 34. Rc2 {[%emt 0:00:12]} Rb1 {[%emt 0:01:18]} 35. Rb2 {[%emt 0:00:21]} Rxb2+ {[%emt 0:02:05]} 36. Nxb2 {[%emt 0:00:04]} b5 {[%emt 0:00:05]} 37. Kf3 {[%emt 0:07:48]} Kb7 {[%emt 0:00:14]} 38. e4 {[%emt 0:00:08]} Kc6 {[%emt 0:00:19]} 39. g4 {[%emt 0:04:30]} fxg4+ {[%emt 0:03:02]} 40. Kxg4 {[%emt 0:00:14]} g6 {[%emt 0:00:06]} 41. Nd3 {[%emt 0:31:16]} Kd7 {[%emt 0:04:31]} 42. h3 {[%emt 0:00:00]} Ke6 {[%emt 0:03:22]} 43. Nc5+ {[%emt 0:00:00]} Kf7 {[%emt 0:01:44]} 44. Kf3 {[%emt 0:00:00]} g5 {[%emt 0:03:24]} 45. f5 {[%emt 0:00:00]} h5 {[%emt 0:00:13]} 46. Ne6 {[%emt 0:00:00]} Be5 {[%emt 0:03:21]} 47. Nd8+ {[%emt 0:00:00]} Ke7 {[%emt 0:00:52]} 48. Nc6+ {[%emt 0:00:00]} Kd7 {[%emt 0:03:43]} 49. Nxe5+ {[%emt 0:00:00]} fxe5 {[%emt 0:00:11]} 1/2-1/2

[Event "11th dMP Batavia 2019"]
[Site "Amsterdam"]
[Date "2019.03.07"]
[Round "6"]
[White "Meissner, Felix"]
[Black "Williams, Simon K"]
[Result "0-1"]
[WhiteElo "2397"]
[BlackElo "2471"]
[Annotator "TA"]
[PlyCount "88"]
[EventDate "2019.03.01"]
[EventType "tourn"]
[EventCountry "NED"]
[SourceTitle "playchess.com"]
[Source "ChessBase"]
[SourceQuality "1"]

{[%evp 18,87,33,40,32,32,70,35,80,71,58,0,0,-22,-5,-16,-7,-33,-21,-31,-16,-10,-13,-64,36,29,57,0,0,-35,-40,-43,-22,-15,-18,-21,-13,-13,-13,-13,-13,-13,-13,-54,-44,-99,-96,-103,-33,-32,-24,-136,-131,-123,-33,-31,-39,-56,-32,-142,-137,-391,-384,-29992,-29993,-29993,-29994,-29994,-29973,-29998,-29999,-29999]} 1. d4 Nf6 2. c4 g6 3. Nc3 Bg7 4. e4 O-O 5. Nf3 d6 6. Be2 Nbd7 7. h3 e5 8. d5 Nc5 9. Qc2 a5 10. g4 c6 {E93: King's Indian: Classical: Petrosian System with 7...Nbd7} 11. Be3 Bd7 (11... cxd5 12. cxd5 a4 13. Nd2 Bd7 14. a3 Ne8 15. h4 Nc7 16. h5 b5 17. Na2 N7a6 18. Kf1 {0-1 (27) Postny,E (2615)-Demchenko,A (2679) St Petersburg 2018}) 12. Nd2 (12. Bxc5 $5 dxc5 13. Nxe5 $16) 12... Rc8 {White is slightly better.} 13. g5 $146 ({Predecessor:} 13. Bxc5 dxc5 14. dxc6 Bxc6 15. O-O-O Qe8 16. g5 Nd7 17. Bg4 f5 18. gxf6 Bxf6 19. Nd5 h5 20. Bxd7 Bxd7 {0-1 (39) De Freitas,J (1919)-Ichimura G Barbosa,L (1937) Sao Paulo 2018}) 13... Ne8 14. Nb3 (14. f3 $14) 14... Na6 $11 15. h4 f5 16. f3 a4 17. Nc1 fxe4 18. fxe4 cxd5 19. Nxd5 Nc5 20. b4 ({White should play} 20. Rf1 $11) 20... axb3 (20... Ne6 $1 $15 21. Nd3 Nd4 22. Bxd4 exd4) 21. Nxb3 $14 Na4 22. Qd2 (22. O-O-O $14) 22... Nc7 $11 23. Nxc7 Qxc7 24. c5 Be6 {[%cal Ra4c5]} 25. Qxd6 Qxd6 26. cxd6 Rfd8 27. d7 Bxd7 28. Na5 Be6 {White must now prevent ...Bf8.} 29. Nxb7 Rd7 {And now ...Rc3 would win.} 30. Na5 Nc3 31. Ba6 (31. Rc1 $15) 31... Ra8 $1 $17 {[%cal Ra8a6]} 32. Bc4 Bxc4 (32... Bf7 $17 33. Rc1 Nxe4) 33. Nxc4 $15 Rd3 $36 {[%mdl 2048] Black fights for an advantage.} ({Reject} 33... Rxa2 $6 34. Rxa2 Nxa2 35. Nb6 $14) 34. Bb6 (34. Rh2 $11 {keeps the balance.}) 34... Ra4 $17 35. Nd2 Nxe4 (35... h5 $17 36. Rh2 Nxe4 37. Nxe4 Rxe4+ 38. Kf1 Rb4) 36. Nxe4 $15 Rxe4+ 37. Kf2 Rd2+ 38. Kg3 {[#]} (38. Kf3 $15 Rf4+ 39. Ke3) 38... Ra4 $1 $17 {[%cal Ra4a3]} 39. Rhe1 $2 {[%mdl 8192] [#]} (39. Rae1 $17 {was necessary.}) 39... e4 $1 $19 {( -> ...Be5+)} 40. Rab1 $2 (40. Kf4 $19 Bxa1 41. Rxa1) 40... Be5+ {Black mates.} 41. Kh3 Rh2+ 42. Kg4 Raxa2 {[%cal Ra2g2]} 43. Rxe4 Rag2+ 44. Kf3 Rg3# {Accuracy: White = 26%, Black = 53%.} 0-1

[Event "11th dMP Batavia 2019"]
[Site "Amsterdam"]
[Date "2019.03.08"]
[Round "7"]
[White "Williams, Simon K"]
[Black "Arutinian, David"]
[Result "1/2-1/2"]
[WhiteElo "2471"]
[BlackElo "2555"]
[Annotator "TA"]
[PlyCount "68"]
[EventDate "2019.03.01"]
[EventType "tourn"]
[EventCountry "NED"]
[SourceTitle "playchess.com"]
[Source "ChessBase"]
[SourceQuality "1"]

{[%evp 9,68,-17,-10,-15,-9,-32,0,0,19,21,27,0,-12,-10,11,24,66,58,108,70,94,96,100,45,81,69,114,-10,0,0,0,0,0,0,0,0,0,0,0,0,0,0,0,0,0,-34,0,-12,-10,-27,0,0,0,-19,-14,-52,0,0,0,0,0]} 1. d4 Nf6 2. Nf3 e6 3. Bg5 c5 4. d5 (4. c3 h6 5. Bh4 b6 6. e3 Bb7 7. Nbd2 Be7 8. Bd3 Nc6 9. a3 O-O 10. O-O cxd4 11. cxd4 Rc8 12. Qe2 Nh5 13. Bxe7 Qxe7 14. Rac1 Nf6 15. Rc2 Nb8 16. Rfc1 Rxc2 17. Rxc2 Rc8 18. Rxc8+ Bxc8 19. e4 {1-0 (58) Carlsen,M (2837)-Korobov,A (2652) Riadh 2017}) 4... Qa5+ 5. c3 Nxd5 6. e4 {A46: 1 d4 Nf6 2 Nf3 e6: Torre, London and Colle Systems} Nf6 7. e5 h6 $146 ({Predecessor:} 7... Ne4 8. Nbd2 Nxd2 9. Nxd2 Qc7 10. Nc4 Nc6 11. Nd6+ Bxd6 12. exd6 {½-½ (22) Vazquez Igarza,R (2573)-Baklan,V (2600) Benasque 2017}) 8. Bh4 ({Don't play} 8. exf6 hxg5 9. fxg7 Bxg7 $17) 8... Ne4 9. Bd3 d5 {...g5 is the strong threat.} 10. Bxe4 (10. exd6 $5 Nxd6 11. Nbd2 $11) 10... dxe4 11. Nfd2 Bd7 12. Nxe4 Bc6 13. Nbd2 $1 Qc7 14. O-O Nd7 15. f4 c4 16. Qe2 ({White should play} 16. Qg4 $16) 16... Bd5 17. b3 Nc5 {[%cal Rc4b3] [#]} 18. bxc4 (18. Nd6+ $1 $16 Bxd6 19. exd6 Qxd6 20. Nxc4 Bxc4 21. Qxc4) 18... Bxe4 19. Nxe4 Nxe4 20. Qxe4 Bc5+ 21. Kh1 O-O 22. Rad1 Rac8 23. f5 Qc6 24. Qg4 {[#] Intending Bf6 and mate.} exf5 25. Rxf5 {Threatens to win with Bf6.} Qg6 26. Qf3 Qe6 27. Qe4 Be3 28. Rf3 Rxc4 29. Qxb7 Rxh4 30. Rxe3 Ra4 31. Qd5 Rxa2 {And now ...Qxd5 would win.} 32. h3 Ra3 (32... Ra1 $15 33. Kh2 Rxd1 34. Qxd1 a5) 33. Qxe6 $11 fxe6 34. Rd6 Rc8 {Accuracy: White = 39%, Black = 48%.} 1/2-1/2